Statystyki dla Quiz o Uzbekistanie

Kliknij tutaj aby rozwiązać quiz!

Ogólne statystyki

  • Ten quiz został rozwiązany 729 razy
  • Średni wynik to 10 z 17

Statystyki odpowiedzi

WskazówkaOdpowiedź% Poprawnych
W 1991 r. Uzbekistan odzyskał niepodległość od tego państwaZwiązek Radziecki
95%
Najczęściej używana religiaIslam
92%
Każde państwo, z którym graniczy Uzbekistan,
kończy się tymi czterema literami
Stan
92%
Nazywany przez niektórych drugim "de facto” językiem urzędowymrosyjski
91%
Oficjalny językUzbecki
91%
Region, w którym leży UzbekistanAzja {Środkowa}
80%
StolicaTaszkent
79%
Lądowy szlak handlowy, który przebiegał przez Uzbekistan do XVIII wieku{Jedwabny} Szlak
77%
Dawniej czwarte co do wielkości jezioro na
świecie, obecnie w większości wyparowało
Jezioro {Aralskie}
59%
Człowiek, który podbił Uzbekistan w 327 pneAleksander Macedoński
57%
Uzbekistan i Liechtenstein to jedyne państwa, które są...Podwójnie {śródlądowe}
57%
Podstawowa uprawa Uzbekistanu
(wskazówka: zaczyna się od B)
Bawełna
46%
Uzbekistan jest częścią tego starożytnego regionu,
który zawdzięcza swoją nazwę
wielbłądowi dwugarbnemu
Baktria
34%
Drugie najludniejsze miastoSamarkanda
32%
Wódz urodzony w mieście Shahrisabz
w 1336 roku, którego podboje zabiły około
5% światowej populacji
Timur
26%
Duża grupa etniczna, która obejmuje Uzbeków, Kazachów i UjgurówTurcy
24%
Pierwsze duże imperium, którego częścią był UzbekistanImperium {Achemenidów}
16%

Rozkład punktacji

Percentyl według liczby udzielonych odpowiedzi

Procent ludzi z każdym wynikiem

Twoja historia wyników

Nie rozwiązałeś tego quizu